| 000 | 00539nam a2200193Ia 4500 | ||
|---|---|---|---|
| 008 | 131103s9999 xx 000 0 und d | ||
| 040 | _aLoreto College | ||
| 041 | _aEnglish | ||
| 082 |
_a942.052/HAC _bLCLIB/15878; 17964 |
||
| 100 | _aHackett,Francis | ||
| 245 |
_aHenry the eight _cFrancis Hackett |
||
| 260 |
_aLondon _bThe Reprint Society _c1946 |
||
| 300 |
_a503 p. _b ill. _c 19 cm. |
||
| 504 | _aIncludes index | ||
| 650 | _aHenry - VIII,1509 - 1547 | ||
| 651 | _aEngland - History,1509 - 1547 | ||
| 850 | _aLCLIB | ||
| 942 | _cBK | ||
| 999 |
_c8472 _d58951 |
||